<?xml version="1.0" encoding="UTF-8"?><?xml-stylesheet type="text/xsl" href="static/style.xsl"?><OAI-PMH xmlns="http://www.openarchives.org/OAI/2.0/" xmlns:xsi="http://www.w3.org/2001/XMLSchema-instance" xsi:schemaLocation="http://www.openarchives.org/OAI/2.0/ http://www.openarchives.org/OAI/2.0/OAI-PMH.xsd"><responseDate>2026-04-17T15:52:05Z</responseDate><request verb="GetRecord" identifier="oai:www.recercat.cat:11351/13239" metadataPrefix="marc">https://recercat.cat/oai/request</request><GetRecord><record><header><identifier>oai:recercat.cat:11351/13239</identifier><datestamp>2025-10-24T10:25:07Z</datestamp><setSpec>com_2072_378070</setSpec><setSpec>com_2072_378040</setSpec><setSpec>col_2072_378092</setSpec></header><metadata><record xmlns="http://www.loc.gov/MARC21/slim" xmlns:dcterms="http://purl.org/dc/terms/" xmlns:xsi="http://www.w3.org/2001/XMLSchema-instance" xmlns:doc="http://www.lyncode.com/xoai" xsi:schemaLocation="http://www.loc.gov/MARC21/slim http://www.loc.gov/standards/marcxml/schema/MARC21slim.xsd">
   <leader>00925njm 22002777a 4500</leader>
   <datafield ind2=" " ind1=" " tag="042">
      <subfield code="a">dc</subfield>
   </datafield>
   <datafield ind2=" " ind1=" " tag="720">
      <subfield code="a">Manubens, Andrea</subfield>
      <subfield code="e">author</subfield>
   </datafield>
   <datafield ind2=" " ind1=" " tag="720">
      <subfield code="a">Paiva, Bruno</subfield>
      <subfield code="e">author</subfield>
   </datafield>
   <datafield ind2=" " ind1=" " tag="720">
      <subfield code="a">Gutierrez, Norma</subfield>
      <subfield code="e">author</subfield>
   </datafield>
   <datafield ind2=" " ind1=" " tag="720">
      <subfield code="a">Fernandez Guijarro, Manuela</subfield>
      <subfield code="e">author</subfield>
   </datafield>
   <datafield ind2=" " ind1=" " tag="720">
      <subfield code="a">Calasanz, Maria-José</subfield>
      <subfield code="e">author</subfield>
   </datafield>
   <datafield ind2=" " ind1=" " tag="720">
      <subfield code="a">Rosiñol, Laura</subfield>
      <subfield code="e">author</subfield>
   </datafield>
   <datafield ind2=" " ind1=" " tag="720">
      <subfield code="a">Gironella, Mercedes</subfield>
      <subfield code="e">author</subfield>
   </datafield>
   <datafield ind2=" " ind1=" " tag="260">
      <subfield code="c">2025-06-11T12:35:37Z</subfield>
   </datafield>
   <datafield ind2=" " ind1=" " tag="260">
      <subfield code="c">2025-06-11T12:35:37Z</subfield>
   </datafield>
   <datafield ind2=" " ind1=" " tag="260">
      <subfield code="c">2025-04</subfield>
   </datafield>
   <datafield ind2=" " ind1=" " tag="520">
      <subfield code="a">Relapse; Multiple myeloma; Cytogenetics</subfield>
   </datafield>
   <datafield ind2=" " ind1=" " tag="520">
      <subfield code="a">Recaiguda; Mieloma múltiple; Citogenètica</subfield>
   </datafield>
   <datafield ind2=" " ind1=" " tag="520">
      <subfield code="a">Recaída; Mieloma múltiple; Citogenética</subfield>
   </datafield>
   <datafield ind2=" " ind1=" " tag="520">
      <subfield code="a">Patients with newly-diagnosed multiple myeloma (MM) who experience early relapse (ER) have dismal overall survival (OS). Their prospective identification, either before or soon after treatment initiation, is paramount to use alternative approaches and prevent ER. In this study, we investigated the frequency and disease characteristics of ER during the first 18 months after treatment initiation (ER18), in a series of 1215 newly-diagnosed MM patients enrolled in four PETHEMA/GEM clinical trials for the transplant-eligible and transplant-ineligible populations. ER18 was observed in 266 of the 1215 patients (22%) and resulted in a median OS of 19 versus 114 months in cases without ER18. When compared to the ISS and the presence of ≥2 high-risk cytogenetic abnormalities, a modified version of the new high-risk definition from the International Myeloma Society (mHR-IMS) showed the most balanced negative and positive predictive values of ER18 (83.5% and 40%, respectively). In addition to the mHR-IMS, an ECOG = 2, ISS 3, and calcium levels ≥ 11 mg/dL were independently associated with ER18. These variables were modeled into a predictive score in which the rates of ER18 were 2%, 24.5%, and 59% in patients with low-, intermediate-, and high-risk score. The risk of ER18 and OS were modulated by the VGPR status at 6–9 months after treatment initiation. In conclusion, we present a risk model that predicts ER18 and can be readily applied in clinical trials and routine practice to identify treatment strategies empowered to prevent ER18 and improve survival outcomes of newly-diagnosed patients with functional high-risk MM.</subfield>
   </datafield>
   <datafield ind1="8" ind2=" " tag="024">
      <subfield code="a">http://hdl.handle.net/11351/13239</subfield>
   </datafield>
   <datafield tag="653" ind2=" " ind1=" ">
      <subfield code="a">Mieloma múltiple - Diagnòstic</subfield>
   </datafield>
   <datafield tag="653" ind2=" " ind1=" ">
      <subfield code="a">Mieloma múltiple - Recaiguda</subfield>
   </datafield>
   <datafield tag="653" ind2=" " ind1=" ">
      <subfield code="a">Citogenètica</subfield>
   </datafield>
   <datafield tag="653" ind2=" " ind1=" ">
      <subfield code="a">DISEASES::Hemic and Lymphatic Diseases::Hematologic Diseases::Blood Protein Disorders::Paraproteinemias::Hemic and Lymphatic Diseases::Hematologic Diseases::Multiple Myeloma</subfield>
   </datafield>
   <datafield tag="653" ind2=" " ind1=" ">
      <subfield code="a">Other subheadings::Other subheadings::/diagnosis</subfield>
   </datafield>
   <datafield tag="653" ind2=" " ind1=" ">
      <subfield code="a">DISCIPLINES AND OCCUPATIONS::Natural Science Disciplines::Biological Science Disciplines::Biology::Genetics::Cytogenetics</subfield>
   </datafield>
   <datafield tag="653" ind2=" " ind1=" ">
      <subfield code="a">DISEASES::Pathological Conditions, Signs and Symptoms::Pathologic Processes::Neoplastic Processes::Neoplasm Recurrence, Local</subfield>
   </datafield>
   <datafield tag="653" ind2=" " ind1=" ">
      <subfield code="a">ENFERMEDADES::enfermedades hematológicas y linfáticas::enfermedades hematológicas::trastornos de las proteínas sanguíneas::paraproteinemias::enfermedades hematológicas y linfáticas::enfermedades hematológicas::mieloma múltiple</subfield>
   </datafield>
   <datafield tag="653" ind2=" " ind1=" ">
      <subfield code="a">Otros calificadores::Otros calificadores::/diagnóstico</subfield>
   </datafield>
   <datafield tag="653" ind2=" " ind1=" ">
      <subfield code="a">DISCIPLINAS Y OCUPACIONES::disciplinas de las ciencias naturales::disciplinas de las ciencias biológicas::biología::genética::citogenética</subfield>
   </datafield>
   <datafield tag="653" ind2=" " ind1=" ">
      <subfield code="a">ENFERMEDADES::afecciones patológicas, signos y síntomas::procesos patológicos::procesos neoplásicos::recurrencia neoplásica local</subfield>
   </datafield>
   <datafield ind2="0" ind1="0" tag="245">
      <subfield code="a">High-risk features of early relapse in newly-diagnosed multiple myeloma: The impact of cytogenetics and response to initial therapy</subfield>
   </datafield>
</record></metadata></record></GetRecord></OAI-PMH>